Städteraten - NRW - Statistiken

Allgemein
  • Dieses Quiz wurde 299 mal gespielt
  • Das Durchschnittsergebnis liegt bei 11 aus 15
Antwortstatistiken
Hint Antwort % Korrekt
Ehemalige Bundeshauptstadt Bonn
99%
Hauptstadt des Landes Düsseldorf
99%
Einzige Millionenstadt Köln
98%
Die Zeche Zollverein ist hier Essen
91%
Angeblich am Arsch der Welt Bielefeld
89%
Größter Binnenhafen Europas Duisburg
86%
Universitätsstadt im Norden Münster
86%
Bekannt für sein goldenes U Dortmund
81%
Stadt an der Pader Paderborn
81%
Stadt Karl des Großen Aachen
79%
Hauptort des Mindener Landes Minden
65%
Nibelungenstadt am Niederrhein Xanten
34%
Geburtsstadt von Rubens Siegen
32%
Ehemaliger Grafensitz am Niederrhein Kleve
22%
Bekannt für die Superkirmes Soest
21%
Keine übereinstimmenden Quizze gefunden
Verteilung der Resultate
Anzahl Personen mit jedem Resultat
Perzentil nach korrekt beantworteten Fragen
Ihre Resultats-Entwicklung
Sie haben dieses Quiz noch nicht gespielt